000 00311nam a22001217a 4500
999 _c6040
_d6040
245 _aSecurities Industry Act, 2016 (Act 929)
_cby Republic of Ghana
246 _aACT 929
260 _aAccra
_bAssembly Press
_c2016
300 _a143p.
440 _aActs of parliament.
650 _aSecurity Industry
942 _cREF